• 首页
  • 本馆介绍
  • 公告通知
  • 最新文献
  • 馆藏检索
  • 电子资源
  • 读者导购
  • 参考咨询
  • 我的图书馆
  • 登录
  • 详细信息显示
  • 放入我的书架
  • 预约/预借图书
  • 作者相关作品
  • 分类相关作品
  • 丛书相关作品
  • 出版社相关作品

书目信息

  • 表格格式
  • 工作单格式
  • 卡片格式
题名:
C语言计算机游戏程序设计
    
 
作者: 马梅尔施泰因 , Marmelstein 著 ;王小虎 , 靳自愚 译
分册:  
出版信息: 北京   科学出版社  1995
页数: 359页
开本: 26cm
丛书名:
单 册:
中图分类: TP319
科图分类:
主题词: 电子游戏机--C语言--程序设计
电子资源:
ISBN: 7-03-004867-9
000 00966nam0 2200289 450
001 0100588874
005 20101119101731.0
010    @a7-03-004867-9@dCNY39.00
011    @a7-03-004867-9
100    @a20021005d1995 em y0chiy0110 ea
101 1  @achi@ceng
102    @aCN@b110000
105    @ay z 000yy
106    @ar
200 1  @aC语言计算机游戏程序设计@9C Yu Yan Ji Suan Ji You Xi;Hu Cheng Xu She Ji @f(美)[R.E.马梅尔施泰因](Robert E.Marmelstein)著@g王小虎,靳自愚译@b专著
210    @a北京@c科学出版社@c龙门书局@d1995
215    @a359页@d26cm
300    @a由Far East Books公司授权出版
510 1  @aProgramming games in C@zeng
606 0  @a电子游戏机@xC语言@x程序设计
690    @aTP319@v3
701  1 @a马梅尔施泰因@9ma mei er shi tai yin@bR.E.@4著
701  1 @aMarmelstein@bRobert E.@4著
702  0 @a王小虎@9wang xiao hu@4译
702  0 @a靳自愚@9jin zi yu@4译
801  0 @aCN@bAiZhiMarc@c19970905
905    @aBZT@dTP319@e111@f1@sTP319/111
    
    C语言计算机游戏程序设计/(美)[R.E.马梅尔施泰因](Robert E.Marmelstein)著/王小虎,靳自愚译.-北京:科学出版社:龙门书局,1995
    359页;26cm
    由Far East Books公司授权出版
    
    ISBN 7-03-004867-9:CNY39.00
    
●
相关链接 在五车中查询图书 在当当中查询图书 在豆瓣中查询图书


正题名:C语言计算机游戏程序设计     索取号:TP319/111         预约/预借

序号 登录号 条形码 馆藏地/架位号 状态 备注
1 2000144707   2000144707   旧书回溯/ [索取号:TP319/111] 在馆    
山东省滨州职业学院图书馆 欢迎您!
大连网信软件有限公司© 版权所有